000 00571nam a2200181Ia 4500
008 090123s9999 xx 000 0 und d
082 _b18238
_a891.463/मंगेश
100 _aमंगेशकर गीता
245 _aस्वप्नझुला
250 _a1
260 _bप्रिया प्रकाशन
_c1986
300 _a186
600 _aमंगेशकर गीता
630 _aस्वप्नझुला
700 _aमंगेशकर गीता
730 _aस्वप्नझुला
942 _cBOOK
999 _c56299
_d56299